<?xml version="1.0" encoding="UTF-8"?>
<record
    xmlns:xsi="http://www.w3.org/2001/XMLSchema-instance"
    xsi:schemaLocation="http://www.loc.gov/MARC21/slim http://www.loc.gov/standards/marcxml/schema/MARC21slim.xsd"
    xmlns="http://www.loc.gov/MARC21/slim">

  <leader>00589nam a2200169Ia 4500</leader>
  <controlfield tag="008">230704t1992||||xx |||||||||||||| ||und||</controlfield>
  <datafield tag="020" ind1=" " ind2=" ">
    <subfield code="a">9806184238</subfield>
  </datafield>
  <datafield tag="040" ind1=" " ind2=" ">
    <subfield code="a">ODONTO</subfield>
    <subfield code="b">spa</subfield>
    <subfield code="c">ODONTO</subfield>
    <subfield code="d">ODONTO</subfield>
  </datafield>
  <datafield tag="041" ind1=" " ind2=" ">
    <subfield code="a">spa</subfield>
  </datafield>
  <datafield tag="082" ind1=" " ind2=" ">
    <subfield code="a">R 616.0757 T661</subfield>
  </datafield>
  <datafield tag="100" ind1=" " ind2=" ">
    <subfield code="a">Tomomitsu, Higashi</subfield>
    <subfield code="9">5390</subfield>
  </datafield>
  <datafield tag="245" ind1=" " ind2="0">
    <subfield code="a">Atlas de diagn&#xF3;stico de im&#xE1;genes radiogr&#xE1;ficas de la cavidad bucal&#xA0;</subfield>
  </datafield>
  <datafield tag="260" ind1=" " ind2=" ">
    <subfield code="a">Caracas</subfield>
    <subfield code="b">Actualidades M&#xE9;dico Odontol&#xF3;gicas latinoam&#xE9;rica</subfield>
    <subfield code="c">1992</subfield>
  </datafield>
  <datafield tag="300" ind1=" " ind2=" ">
    <subfield code="a">ix, 270 p</subfield>
    <subfield code="b">il</subfield>
    <subfield code="c">26 cm</subfield>
  </datafield>
  <datafield tag="650" ind1=" " ind2=" ">
    <subfield code="a">Radiodiagn&#xF3;stico</subfield>
    <subfield code="9">1314</subfield>
  </datafield>
  <datafield tag="942" ind1=" " ind2=" ">
    <subfield code="a">Biblioteca de Odontolog&#xED;a</subfield>
    <subfield code="c">Libros</subfield>
    <subfield code="n">no</subfield>
    <subfield code="k">R 616.0757 T661</subfield>
  </datafield>
  <datafield tag="999" ind1=" " ind2=" ">
    <subfield code="c">1845</subfield>
    <subfield code="d">1845</subfield>
  </datafield>
  <datafield tag="952" ind1=" " ind2=" ">
    <subfield code="0">0</subfield>
    <subfield code="1">0</subfield>
    <subfield code="2">ddc</subfield>
    <subfield code="4">0</subfield>
    <subfield code="7">0</subfield>
    <subfield code="a">ODONTO</subfield>
    <subfield code="b">ODONTO</subfield>
    <subfield code="c">Referencia</subfield>
    <subfield code="d">2023-07-04</subfield>
    <subfield code="i">10-H-156-97&#xA0;</subfield>
    <subfield code="l">0</subfield>
    <subfield code="o">R 616.0757 T661</subfield>
    <subfield code="p">L00001428</subfield>
    <subfield code="r">2023-07-04 00:00:00</subfield>
    <subfield code="y">BK</subfield>
    <subfield code="z">Consulta en sala</subfield>
  </datafield>
</record>
